Schaum's outline of theory and problems of probability, random variables, and random processes /

Guardado en:
Autor Principal: Hsu, Hwei P. 1930-
Formato: Libro
Idioma:English
Publicado: New York : McGraw-Hill, c1997.
Series:Schaum's outline series
Materias:
Acceso en línea:Descripción
Tabla de contenido
Etiquetas: Agregar Etiqueta
Sin Etiquetas, Sea el primero en etiquetar este registro!
LEADER 01594cam a22003615a 4500
001 EIQ.libpla003733
008 960409s1997####nyua##########001#0#eng#d
005 20080721153429.0
245 1 0 |a Schaum's outline of theory and problems of probability, random variables, and random processes /  |c Hwei P. Hsu. 
260 |a New York :  |b McGraw-Hill,  |c c1997. 
300 |a vii, 306 p. :  |b il. ;  |c 28 cm. 
490 1 |a Schaum's outline series 
500 |a Incluye índice. 
020 |a 0070306443 
100 1 |a Hsu, Hwei P.  |q (Hwei Piao),  |d 1930- 
246 3 0 |a Theory and problems of probability, random variables, and random processes 
246 3 0 |a Probability, random variables, and random processes 
246 3 4 |a Probability, random variables & random processes 
830 0 |a Schaum's outline series 
082 0 0 |a 519.2/076  |2 20 
650 4 |a Probabilidades  |x Problemas, ejercicios, etc. 
650 4 |a Probabilidades  |x Contornos, programas, etc. 
650 4 |a Procesos estocásticos  |x Contornos, programas, etc. 
650 4 |a Procesos estocásticos  |x Problemas, ejercicios, etc. 
650 0 |a Probabilities  |x Problems, exercises, etc. 
650 0 |a Probabilities  |x Outlines, syllabi, etc. 
650 0 |a Stochastic processes  |x Problems, exercises, etc. 
650 0 |a Stochastic processes  |x Outlines, syllabi, etc. 
010 |a  96018245  
040 |a DLC  |c DLC  |d AR-BbSID 
856 4 2 |3 Descripción  |u http://www.loc.gov/catdir/description/mh022/96018245.html 
856 4 1 |3 Tabla de contenido  |u http://www.loc.gov/catdir/toc/mh022/96018245.html 
859 |a AR-BbSID  |b BIB. PLAPIQUI  |h 519.207 6  |i H 1  |p 5484